Football : clubs de national 2025-2026 - Statistiques

Statistiques générales
  • Ce quiz a été pris 61 fois
  • Le résultat moyen est 10 sur 17
Statistiques - réponses
Club % Correct
FC Rouen 1899
83%
SM Caen
81%
DFCO
74%
Sochaux
74%
Paris 13 Atletico
72%
Valenciennes
70%
Versailles
66%
QRM
60%
Orléans
58%
Châteauroux
57%
Concarneau
53%
Aubagne
47%
US Fleury-Mérogis
47%
Villefranche
45%
Le Puy
43%
Stade Briochin
42%
Bourg-Péronnas
25%
Aucun quiz correspondant
Distribution des résultats
% des personnes avec chaque résultat
Percentile par nombre de réponses
Votre historique - résultats
Vous n’avez pas pris ce quiz